000 01596nam a2200277Ia 4500
999 _c53368
_d53368
001 20411
003 GE_BSU
005 20201123231040.0
008 181216s2012||||ge |||||||||||||| ||geo||
020 _a9789941436239
040 _cGE_BSU
041 _ageo
080 _a376.2+331.5 გ-20
245 _aგანათლება და დასაქმება-გზა შეზღუდული შესაძლებლობის მქონე პირთა ინტეგრაციისაკენ = Education and employment-the way to integration of persons with disabilities /
_cრედ.-შემდგ. მადონა ხარებავა
264 _aზუგდიდი :
_bნეკერი,
_c2012.
300 _a232 გვ. ;
_c 20 სმ.
490 _aინვალიდ ქალთა და ინვალიდ ბავშვთა დედათა ასოციაცია-დეა
504 _aბიბლიოგრ. : გვ. 223-225
520 _aთავფურ., ყდა ქართ. და ინგლ.რეზ. ინგლ.
653 _aგანათლება და დასაქმება
653 _aინკლუზიური განათლება
653 _aშეზღუდული შესაძლებლობების პირთა დასაქმება
653 _aპედაგოგიკა
700 _a ხარებავა, მადონა
_eრედაქტორ-შემდგენელი
_99741
942 _cBK
_2udc